000 00722nam a22002177a 4500
005 20170124110004.0
010 _a646138
020 _c00.00
035 _a646138
037 _bCen Lib/Ret
040 _aDPL
_bEN
082 _a341.247
_bSHA
245 _aShadow of the bear :
_cedited by A.P.Jain
_bthe Indo-Soviet treaty /
260 _aNew Delhi
_bShri P.K.Deo,M.P.
_c1971
270 _bNew Delhi
_a4, South Avenue Lane
300 _ax,176p. :
_c18cm(Hb)
650 _aIndo-Soviet Treaty of Peace, Friendship, and Cooperation, 1971.
_916566
650 _aIndia -- Foreign relations -- Russia -- History -- 20th century.
_916567
700 _aJain, A.P.
_916568
942 _2ddc
_cEN
_h341.247
_mSHA
999 _c126100
_d126100